La época del absolutismo

Tallennettuna:
Bibliografiset tiedot
Päätekijä: Duchhardt, Heinz (Tekijä)
Aineistotyyppi: Kirja
Kieli:espanja
Julkaistu: Madrid Alianza 1992
Sarja:Alianza Universidad, 727
Aiheet:
Tagit: Lisää tagi
Ei tageja, Lisää ensimmäinen tagi!

MARC

LEADER 00000nam a2200000 a 4500
001 UCX7573
003 CL-VaPUC
008 931216e19920000SP |||||||||||||||||spa|d
082 0 4 |a 940.252  |b DUC  |2 21 
100 0 |a Duchhardt, Heinz  |e author  |9 324458 
245 1 3 |a La época del absolutismo 
300 |a 395 p 
942 |c BK 
945 |d 19931216 00:00:00  |a aalvarez 
260 |a Madrid  |b Alianza  |c 1992 
650 7 |a DESPOTISMO  |2 CL-VaPUC  |9 257457 
650 7 |a POLITICA Y GOBIERNO SIGLOS 15-18  |2 CL-VaPUC  |9 324459 
651 0 |a Europa  |9 255156 
583 |a last modification  |c 19931216 00:00:00  |k Rodrigo Vera 
490 0 |a Alianza Universidad, 727 
999 |c 227365  |d 227363 
952 |0 0  |1 0  |4 0  |6 940_252000000000000_DUC_1992  |7 0  |8 A  |9 226322  |a BIBHIS  |b BIBHIS  |d 2019-11-15  |i 2954400  |o 940.252 DUC 1992  |p 2954400  |r 2025-01-20  |w 2019-11-15  |y BK  |k HIS